<?xml version="1.0" encoding="UTF-8"?>
<record
    xmlns:xsi="http://www.w3.org/2001/XMLSchema-instance"
    xsi:schemaLocation="http://www.loc.gov/MARC21/slim http://www.loc.gov/standards/marcxml/schema/MARC21slim.xsd"
    xmlns="http://www.loc.gov/MARC21/slim">

  <leader>00340nam a22001457a 4500</leader>
  <controlfield tag="008">231204b        |||||||| |||| 00| 0 eng d</controlfield>
  <datafield tag="020" ind1=" " ind2=" ">
    <subfield code="a">9789389688528</subfield>
  </datafield>
  <datafield tag="040" ind1=" " ind2=" ">
    <subfield code="a">02</subfield>
  </datafield>
  <datafield tag="082" ind1=" " ind2=" ">
    <subfield code="a">615.19(GAU)</subfield>
  </datafield>
  <datafield tag="100" ind1=" " ind2=" ">
    <subfield code="a">AGARWAL,G.,GHANGAS,J.</subfield>
  </datafield>
  <datafield tag="245" ind1=" " ind2=" ">
    <subfield code="a">INDUSTRIAL PHARMACY-II</subfield>
  </datafield>
  <datafield tag="260" ind1=" " ind2=" ">
    <subfield code="a">NEW DELHI</subfield>
    <subfield code="b">CBSPD</subfield>
    <subfield code="c">2023</subfield>
  </datafield>
  <datafield tag="300" ind1=" " ind2=" ">
    <subfield code="a">231</subfield>
  </datafield>
  <datafield tag="942" ind1=" " ind2=" ">
    <subfield code="c">01</subfield>
  </datafield>
  <datafield tag="999" ind1=" " ind2=" ">
    <subfield code="c">57769</subfield>
    <subfield code="d">57769</subfield>
  </datafield>
  <datafield tag="952" ind1=" " ind2=" ">
    <subfield code="0">0</subfield>
    <subfield code="1">0</subfield>
    <subfield code="2">ddc</subfield>
    <subfield code="4">0</subfield>
    <subfield code="6">615_000000000000000_19GAU</subfield>
    <subfield code="7">0</subfield>
    <subfield code="9">525238</subfield>
    <subfield code="a">02</subfield>
    <subfield code="b">02</subfield>
    <subfield code="d">2023-12-04</subfield>
    <subfield code="e">KIRTI</subfield>
    <subfield code="g">325.00</subfield>
    <subfield code="l">0</subfield>
    <subfield code="o">615.19(GAU)</subfield>
    <subfield code="p">02-B-13870</subfield>
    <subfield code="r">2023-12-04</subfield>
    <subfield code="w">2023-12-04</subfield>
    <subfield code="y">01</subfield>
  </datafield>
  <datafield tag="952" ind1=" " ind2=" ">
    <subfield code="0">0</subfield>
    <subfield code="1">0</subfield>
    <subfield code="2">ddc</subfield>
    <subfield code="4">0</subfield>
    <subfield code="6">615_000000000000000_19GAU</subfield>
    <subfield code="7">0</subfield>
    <subfield code="9">525239</subfield>
    <subfield code="a">02</subfield>
    <subfield code="b">02</subfield>
    <subfield code="d">2023-12-04</subfield>
    <subfield code="e">KIRTI</subfield>
    <subfield code="g">325.00</subfield>
    <subfield code="l">7</subfield>
    <subfield code="o">615.19(GAU)</subfield>
    <subfield code="p">02-B-13871</subfield>
    <subfield code="r">2025-12-24</subfield>
    <subfield code="s">2025-08-25</subfield>
    <subfield code="w">2023-12-04</subfield>
    <subfield code="y">01</subfield>
  </datafield>
  <datafield tag="952" ind1=" " ind2=" ">
    <subfield code="0">0</subfield>
    <subfield code="1">0</subfield>
    <subfield code="2">ddc</subfield>
    <subfield code="4">0</subfield>
    <subfield code="6">615_000000000000000_19GAU</subfield>
    <subfield code="7">0</subfield>
    <subfield code="9">525240</subfield>
    <subfield code="a">02</subfield>
    <subfield code="b">02</subfield>
    <subfield code="d">2023-12-04</subfield>
    <subfield code="e">KIRTI</subfield>
    <subfield code="g">325.00</subfield>
    <subfield code="l">1</subfield>
    <subfield code="o">615.19(GAU)</subfield>
    <subfield code="p">02-B-13872</subfield>
    <subfield code="r">2025-01-07</subfield>
    <subfield code="s">2024-09-02</subfield>
    <subfield code="w">2023-12-04</subfield>
    <subfield code="y">01</subfield>
  </datafield>
  <datafield tag="952" ind1=" " ind2=" ">
    <subfield code="0">0</subfield>
    <subfield code="1">0</subfield>
    <subfield code="2">ddc</subfield>
    <subfield code="4">0</subfield>
    <subfield code="6">615_000000000000000_19GAU</subfield>
    <subfield code="7">0</subfield>
    <subfield code="9">525241</subfield>
    <subfield code="a">02</subfield>
    <subfield code="b">02</subfield>
    <subfield code="d">2023-12-04</subfield>
    <subfield code="e">KIRTI</subfield>
    <subfield code="g">325.00</subfield>
    <subfield code="l">4</subfield>
    <subfield code="m">2</subfield>
    <subfield code="o">615.19(GAU)</subfield>
    <subfield code="p">02-B-13873</subfield>
    <subfield code="r">2025-09-30</subfield>
    <subfield code="s">2025-09-23</subfield>
    <subfield code="w">2023-12-04</subfield>
    <subfield code="y">01</subfield>
  </datafield>
  <datafield tag="952" ind1=" " ind2=" ">
    <subfield code="0">0</subfield>
    <subfield code="1">0</subfield>
    <subfield code="2">ddc</subfield>
    <subfield code="4">0</subfield>
    <subfield code="6">615_000000000000000_19GAU</subfield>
    <subfield code="7">0</subfield>
    <subfield code="9">525242</subfield>
    <subfield code="a">02</subfield>
    <subfield code="b">02</subfield>
    <subfield code="d">2023-12-04</subfield>
    <subfield code="e">KIRTI</subfield>
    <subfield code="g">325.00</subfield>
    <subfield code="l">9</subfield>
    <subfield code="o">615.19(GAU)</subfield>
    <subfield code="p">02-B-13874</subfield>
    <subfield code="r">2026-01-24</subfield>
    <subfield code="s">2025-11-18</subfield>
    <subfield code="w">2023-12-04</subfield>
    <subfield code="y">01</subfield>
  </datafield>
  <datafield tag="952" ind1=" " ind2=" ">
    <subfield code="0">0</subfield>
    <subfield code="1">0</subfield>
    <subfield code="2">ddc</subfield>
    <subfield code="4">0</subfield>
    <subfield code="6">615_000000000000000_19GAU</subfield>
    <subfield code="7">0</subfield>
    <subfield code="9">525243</subfield>
    <subfield code="a">02</subfield>
    <subfield code="b">02</subfield>
    <subfield code="d">2023-12-04</subfield>
    <subfield code="e">KIRTI</subfield>
    <subfield code="g">325.00</subfield>
    <subfield code="l">0</subfield>
    <subfield code="o">615.19(GAU)</subfield>
    <subfield code="p">02-B-13875</subfield>
    <subfield code="r">2023-12-04</subfield>
    <subfield code="w">2023-12-04</subfield>
    <subfield code="y">01</subfield>
  </datafield>
  <datafield tag="952" ind1=" " ind2=" ">
    <subfield code="0">0</subfield>
    <subfield code="1">0</subfield>
    <subfield code="2">ddc</subfield>
    <subfield code="4">0</subfield>
    <subfield code="6">615_000000000000000_19GAU</subfield>
    <subfield code="7">0</subfield>
    <subfield code="9">525244</subfield>
    <subfield code="a">02</subfield>
    <subfield code="b">02</subfield>
    <subfield code="d">2023-12-04</subfield>
    <subfield code="e">KIRTI</subfield>
    <subfield code="g">325.00</subfield>
    <subfield code="l">3</subfield>
    <subfield code="o">615.19(GAU)</subfield>
    <subfield code="p">02-B-13876</subfield>
    <subfield code="r">2025-11-06</subfield>
    <subfield code="s">2025-10-30</subfield>
    <subfield code="w">2023-12-04</subfield>
    <subfield code="y">01</subfield>
  </datafield>
  <datafield tag="952" ind1=" " ind2=" ">
    <subfield code="0">0</subfield>
    <subfield code="1">0</subfield>
    <subfield code="2">ddc</subfield>
    <subfield code="4">0</subfield>
    <subfield code="6">615_000000000000000_19GAU</subfield>
    <subfield code="7">0</subfield>
    <subfield code="9">525245</subfield>
    <subfield code="a">02</subfield>
    <subfield code="b">02</subfield>
    <subfield code="d">2023-12-04</subfield>
    <subfield code="e">KIRTI</subfield>
    <subfield code="g">325.00</subfield>
    <subfield code="l">8</subfield>
    <subfield code="o">615.19(GAU)</subfield>
    <subfield code="p">02-B-13877</subfield>
    <subfield code="r">2025-11-10</subfield>
    <subfield code="s">2025-10-30</subfield>
    <subfield code="w">2023-12-04</subfield>
    <subfield code="y">01</subfield>
  </datafield>
  <datafield tag="952" ind1=" " ind2=" ">
    <subfield code="0">0</subfield>
    <subfield code="1">0</subfield>
    <subfield code="2">ddc</subfield>
    <subfield code="4">0</subfield>
    <subfield code="6">615_000000000000000_19GAU</subfield>
    <subfield code="7">0</subfield>
    <subfield code="9">525246</subfield>
    <subfield code="a">02</subfield>
    <subfield code="b">02</subfield>
    <subfield code="d">2023-12-04</subfield>
    <subfield code="e">KIRTI</subfield>
    <subfield code="g">325.00</subfield>
    <subfield code="l">0</subfield>
    <subfield code="o">615.19(GAU)</subfield>
    <subfield code="p">02-B-13878</subfield>
    <subfield code="r">2023-12-04</subfield>
    <subfield code="w">2023-12-04</subfield>
    <subfield code="y">01</subfield>
  </datafield>
  <datafield tag="952" ind1=" " ind2=" ">
    <subfield code="0">0</subfield>
    <subfield code="1">0</subfield>
    <subfield code="2">ddc</subfield>
    <subfield code="4">0</subfield>
    <subfield code="6">615_000000000000000_19GAU</subfield>
    <subfield code="7">0</subfield>
    <subfield code="9">525247</subfield>
    <subfield code="a">02</subfield>
    <subfield code="b">02</subfield>
    <subfield code="d">2023-12-04</subfield>
    <subfield code="e">KIRTI</subfield>
    <subfield code="g">325.00</subfield>
    <subfield code="l">2</subfield>
    <subfield code="o">615.19(GAU)</subfield>
    <subfield code="p">02-B-13879</subfield>
    <subfield code="r">2025-10-08</subfield>
    <subfield code="s">2025-09-30</subfield>
    <subfield code="w">2023-12-04</subfield>
    <subfield code="y">01</subfield>
  </datafield>
</record>
